Statistics for Top 5 Songs On 808s & Heartbreak (Kanye West)

Click here to take the quiz!

General Stats

  • This quiz has been taken 78 times
  • The average score is 4 of 5

Answer Stats

HintAnswer% Correct
767,022,621Heartless
100%
173,208,839Love Lockdown
87%
66,991,017Welcome To Heartbreak
80%
137,842,963Amazing
74%
77,887,133Paranoid
74%

Score Distribution

Percentile by Number Answered

Percent of People with Each Score

Your Score History

You have not taken this quiz